Berserk - Statistics

General Stats
  • This quiz has been taken 122 times
  • The average score is 16 of 36
Answer Stats
Indice personnage % Correct
Leadeur de la troupe du faucon Griffith
100%
Violé par Femto Casca
95%
Ancien chef de la troupe de choc du faucon Guts
95%
Membre de la troupe du faucon, petit enfant blond Rickert
73%
Petit elf comique Puck
70%
Membre de la troupe du faucon, Mec énorme Pippin
69%
Nouveau God Hand Femto
66%
Petit voleur qui a décidé de suivre Guts Isidro
59%
Dépuceler par Griffith Charlotte
58%
Ancienne religieuse pyromane Farnèse
55%
Membre de la troupe du faucon, se battant avec des lames courtes Judo
55%
Apotre qui sillone les champs de batailles depuis 300 ans Nosferatu Zodd
55%
Personne mysterieuse qui lutte contre les apotres et les God Hand (en anglais) Skull knight
54%
God Hand philosophe Void
54%
Demi-frère de la pyromane Serpico
53%
God Hand catin Slan
51%
Petite sorcière accompagnant Guts Schierke
47%
Le père de Guts Gambino
45%
Membre de la troupe du faucon, Dans la troupes de choc de Guts Gaston
39%
Nom de l'épée de Guts Dragonslayer
38%
L'empreur Kushan Ganishka
37%
God Hand Apportant la peste Conrad
35%
Il a violé Guts à 9 ans Donovan
33%
God Hand portant des lunettes Ubik
33%
Prêtre qui s'explose le crane par terre pour prier Mozgus
32%
La soeur de Rickert Erika
26%
Membre de la troupe du faucon, qui déteste Guts Carcus
23%
Frère de la pyromane Magnifico
23%
Veut épouser la pyromane Roderick
23%
Apotre dragon de cristal Grunbeld
20%
Apotre Cavalier Locus
19%
Premier apotre qui a été battu par Guts Wyald
19%
Apotre archer Irvine
17%
Elfe qui accompagne la petite sorcière Evarella
15%
Apotre assassin qui a été banni par les kushans Rakshas
15%
La mère de Guts Sys
15%
No matching quizzes found
Score Distribution
Percent of People with Each Score
Percentile by Number Answered
Your Score History
You have not taken this quiz